000
00313nam a2200109Ia 4500
008
220204s9999 xx 000 0 und d
082
_a
66.06(035)
_b
SCH
245
0
_a
Handbook of separation techniques for chemical engineers
260
_a
New York
_b
McGraw Hill
_c
1979
700
_a
Schweitzer, Philip A
942
_c
BK
999
_c
35352
_d
35352